|
|
|
|
| LEADER |
00000nam0a2200000 4500 |
| 001 |
10531 |
| 005 |
20231030183053.0 |
| 010 |
|
|
|a 5270017105
|
| 035 |
|
|
|a (RuTPU)RU\TPU\book\10592
|
| 035 |
|
|
|a BOOK00010658
|
| 090 |
|
|
|a 10531
|
| 100 |
|
|
|a 20011209d1997 m y0rusy50 ca
|
| 101 |
0 |
|
|a rus
|
| 102 |
|
|
|a RU
|
| 105 |
|
|
|a a z 000ad
|
| 200 |
1 |
|
|a Бремя государево
|e Романы
|f М. Лебедев
|
| 210 |
|
|
|a Москва
|c Современник
|d 1997
|
| 215 |
|
|
|a 269 с.
|c ил.
|
| 225 |
1 |
|
|a Государи Руси Великой
|
| 600 |
|
0 |
|a Иван
|d III
|c великий князь владимирский и московский
|f 1440-1505
|2 stltpui
|3 (RuTPU)RU\TPU\pers\1412
|
| 600 |
|
0 |
|a Василий Дмитриевич
|d I
|c великий князь московский
|f 1371-1425
|c сын Дмитрия Донского
|2 stltpush
|3 (RuTPU)RU\TPU\pers\10101
|
| 610 |
1 |
|
|a история
|
| 610 |
1 |
|
|a Россия
|
| 610 |
1 |
|
|a 14 век
|
| 610 |
1 |
|
|a 15 век
|
| 610 |
1 |
|
|a Московское государство
|
| 675 |
|
|
|a Р2
|v 3
|
| 686 |
|
|
|a Т3(2)43
|v LBC/SL-A
|2 rubbk
|
| 700 |
|
1 |
|a Лебедев
|b М.
|g Михаил
|
| 801 |
|
0 |
|a RU
|b 63413507
|c 20011209
|g PSBO
|
| 801 |
|
2 |
|a RU
|b 63413507
|c 20050419
|g PSBO
|
| 942 |
|
|
|c BK
|